000 00450nam a2200169Ia 4500
003 GCL
008 140319s9999 xx 000 0 ara d
040 _aGCL /
_cGCL
082 0 4 _aد
_b050
100 1 _aابراهيم فهيم
245 1 0 _aالنفس والبدن (اقرا 336) /
_cابراهيم فهيم
300 _a160 ص
490 _aوثائق ونصوص
_v0
650 0 4 _aالطب
650 0 4 _aالطب النفسى
942 _2ddc
_cCF
999 _c27261
_d27261